Geography Quiz

Random Geography or City Quiz
Score 0/10 Timer 02:00
0 Plays Today
% Correct
Moncton
98.7%
Fredericton
94.7%
Saint John
93.3%
Bathurst
80%
Campbellton
56%
Edmundston
54.7%
Woodstock
52%
Oromocto
40%
Shediac
29.3%
Grand Falls
25.3%
Remove Ads.
Support Sporcle.
Get the best of Sporcle when you Go Orange. This ad-free experience offers more features, more stats, and more fun while also helping to support Sporcle. Thank you for becoming a member.

You're not logged in!

Compare scores with friends on all Sporcle quizzes.
OR
Log In

Show Comments

Extras

Created Dec 16, 2012ReportNominate
Tags:City Quiz, biggest

Top Quizzes Today


Score Distribution

Your Account Isn't Verified!

In order to create a playlist on Sporcle, you need to verify the email address you used during registration. Go to your Sporcle Settings to finish the process.

Report this User

Report this user for behavior that violates our Community Guidelines.

Details: